UN monthly chronicle. / (Record no. 6295)

MARC details
000 -LEADER
fixed length control field 00339nam a22001217a 4500
008 - FIXED-LENGTH DATA ELEMENTS--GENERAL INFORMATION
fixed length control field 170302b xxu||||| |||| 00| 0 eng d
050 ## - LIBRARY OF CONGRESS CALL NUMBER
Classification number JX1977.A1 U564(1965 vol. 2)
245 ## - TITLE STATEMENT
Title UN monthly chronicle. /
260 ## - PUBLICATION, DISTRIBUTION, ETC.
Place of publication, distribution, etc. New York,
Name of publisher, distributor, etc. United Nations;
Date of publication, distribution, etc. 1965
300 ## - PHYSICAL DESCRIPTION
Extent xxx11,120p+various pagings.
Dimensions 23.5cm.
440 ## - SERIES STATEMENT/ADDED ENTRY--TITLE
Volume/sequential designation vol.2
942 ## - ADDED ENTRY ELEMENTS (KOHA)
Source of classification or shelving scheme Library of Congress Classification
Koha item type Books
Holdings
Withdrawn status Lost status Source of classification or shelving scheme Damaged status Not for loan Collection code Home library Current library Shelving location Date acquired Total Checkouts Full call number Barcode Date last seen Price effective from Koha item type
    Library of Congress Classification     Reference WISCONSIN INTERNATIONAL UNIVERSITY COLLEGE, GHANA - MAIN LIBRARY WISCONSIN INTERNATIONAL UNIVERSITY COLLEGE, GHANA - MAIN LIBRARY Law Library 02/03/2017   JX1977.A1 U564(1965 vol. 2) 438/255/16 02/03/2017 02/03/2017 Books

If you have any concerns or questions; kindly contact the library


© Powered by WIUC ICT DIRECTORATE